00709nam a2200229Ia 4500003000400000005001700004008004100021040000700062041000800069082002300077100002500100245003600125260004400161300001300205365001300218650002200231650002700253906003800280942001200318999001900330952013000349OSt20230509163059.0210423s1995 xx 000 0 und d cAL aeng a338.954 223bMYNI aMYNERI (S R)9101633 aIndian economics for law course aHaryanabAllahabad Bad Law Agencyc1995 av,26bPB b150cINR aEconomics9101634 aIndian Economy9101635 acourse ; economics ; Indian ; law 2ddccBK c171786d171786 001040708MSWaSACPGbSACPGd2001-08-30eBook Worldg150.00l0o338.954 MYNIpPG018313r2022-08-24 00:00:00w2021-04-26yBK